000 00406nam a22001817a 4500
005 20260511155414.0
008 260511b |||||||| |||| 00| 0 eng d
020 _a9789387487307
082 _a346.07
100 _aAvatar Singh
245 _aBusiness Law
250 _a11th
260 _aLucknow
_bEBC
_c2025
500 _aTransfered
650 _vLaw
_xBusiness Law
942 _cBK
999 _c249529
_d249529